书目信息 |
| 题名: |
同源字典
|
|
| 作者: | 王力 著 | |
| 分册: | ||
| 出版信息: | 北京 商务印书馆 1982 |
|
| 页数: | 695页 | |
| 开本: | 19cm | |
| 丛书名: | ||
| 单 册: | ||
| 中图分类: | H139-61 | |
| 科图分类: | ||
| 主题词: | 汉语-同源词--字典 , 同源词-汉语--字典 | |
| 电子资源: | ||
| ISBN: | ||
| 000 | 00552nam0 2200217 45 | |
| 001 | 1573216057 | |
| 005 | 20150118202320.31 | |
| 010 | @dCNY3.05 | |
| 100 | @a19950627d1982 em y0chiy0121 ea | |
| 101 | 0 | @achi |
| 102 | @aCN@b110000 | |
| 105 | @ay e 000yy | |
| 200 | 10 | @a同源字典@Atong yuan zi dian@f王力著 |
| 210 | @a北京@c商务印书馆@d1982 | |
| 215 | @a695页@d19cm | |
| 606 | @a汉语-同源词@x字典 | |
| 606 | @a同源词-汉语@x字典 | |
| 690 | @aH139-61@v3 | |
| 701 | 0 | @a王力@Awang li@4著 |
| 801 | 0 | @aCN@bTSSF@c20150118 |
| 905 | @aZUCC@dH139-61@eJY69 | |
| 同源字典/王力著.-北京:商务印书馆,1982 |
| 695页;19cm |
| ISBN :CNY3.05 |
| ● |
| 相关链接 |
|
|
|
|
正题名:同源字典
索取号:H139-61/JY69
 
预约/预借
| 序号 | 登录号 | 条形码 | 馆藏地/架位号 | 状态 | 备注 |
| 1 | 7848025 | 278480252 | 学院路分馆/ [索取号:H139-61/JY69] | 在馆 | |
| 2 | 7848026 | 278480261 | 学院路分馆/ [索取号:H139-61/JY69] | 在馆 | |
| 3 | 7848027 | 278480270 | 学院路分馆/ [索取号:H139-61/JY69] | 在馆 |